LEADER 01022nam a2200277 a 4500 001 000000154742 003 CaOOAMICUS 005 20161006152954.0 008 161006s1991 fr 000 u fre r 020 $a221302281X* 032 $aLibriCat 040 $aPUL$bita 100 1 $aAttali, Jacques.$0(OLS)http://pul/name/95133 245 10$a1492 / $cJacques Attali . 246 01$aMillequattrocentonovantadue 260 $aParis :$bFayard,$cİ1991. 300 $a381 p. ; $c24 cm. 651 4$aAmerica$xScoperta ed esplorazione.$0(OLS)http://pul/subject/23028 850 $aPUL 852 $aPUL$W1$xDP1 Fondo G. Barberini$y122$m9 C 35$j24907$qFondi$B180857$CPULBib$Z2$F180857 $HBar774 $81 941 1 $a1 996 $6020$a221302281X*$9(OLS)http://pul/number/161285 996 $6245$a1492 / $9(OLS)http://pul/title/194373 996 $6246$aMillequattrocentonovantadue$9(OLS)http://pul/title/194374 996 $6260$aParis :$bFayard$9(OLS)http://pul/publisher/52106 LEADER 01246nab a2200277 a 4500 001 000000169179 003 CaOOAMICUS 005 20180914111726.0 008 180914s2016 it fr p 0 a0ita r 020 $a978-88-88926-97-1 032 $aLibriCat 040 $aPUL$bita 245 03$aLa critica kantiana della "ragion pura" e la metafisica / $ca cura di Concetto Baronessa. 260 $aRoma :$bLeonardo da Vinci,$c2018. 300 $a123 p. ;$c24 cm. 505 0 $aContributi di Concettto Baronessa, Giovanni Cavalcoli, Antonio Livi, Fabrizio Renzi. 600 14$aKant, Immanuel,$d1724-1804$xConcezione della ragion pura.$0(OLS)http://pul/subject/45621 650 4$aMetafisica$ySec. XVIII.$0(OLS)http://pul/subject/45622 700 1 $aLivi, Antonio,$d1937-$0(OLS)http://pul/name/10769 700 1 $aBaronessa, Concetto.$0(OLS)http://pul/name/109004 773 0 $tSensus Communis$dRoma : Leonardo da Vinci, 2000-$gNuova serie Vol.27 (2018)$w()76298 941 1 $a5 996 $6020$a978-88-88926-97-1$9(OLS)http://pul/number/162061 996 $6245$aLa critica kantiana della "ragion pura" e la metafisica / $9(OLS)http://pul/title/209745 996 $6260$aRoma :$bLeonardo da Vinci$9(OLS)http://pul/publisher/51778